Report of the Committee of the Whole on the Proposed Formula for the Distribution of the Ghana Education Trust Fund (GETFund) for the Year 2026 (Record no. 5952)
[ view plain ]
| 000 -LEADER | |
|---|---|
| fixed length control field | 00601nam a22001457a 4500 |
| 003 - CONTROL NUMBER IDENTIFIER | |
| control field | OSt |
| 005 - DATE AND TIME OF LATEST TRANSACTION | |
| control field | 20260331094525.0 |
| 008 - FIXED-LENGTH DATA ELEMENTS--GENERAL INFORMATION | |
| fixed length control field | 260331b |||||||| |||| 00| 0 eng d |
| 041 ## - LANGUAGE CODE | |
| Language code of text/sound track or separate title | English |
| 082 ## - DEWEY DECIMAL CLASSIFICATION NUMBER | |
| Classification number | CR/GETFund/26 Acc No. 12,987 |
| 245 ## - TITLE STATEMENT | |
| Title | Report of the Committee of the Whole on the Proposed Formula for the Distribution of the Ghana Education Trust Fund (GETFund) for the Year 2026 |
| 300 ## - PHYSICAL DESCRIPTION | |
| Extent | 14p.: tabs |
| 653 ## - INDEX TERM--UNCONTROLLED | |
| Uncontrolled term | Report of the Committee of the Whole on the Proposed Formula for the Distribution of the Ghana Education Trust Fund (GETFund) for the Year 2026 |
| 942 ## - ADDED ENTRY ELEMENTS (KOHA) | |
| Source of classification or shelving scheme | Dewey Decimal Classification |
| Koha item type | Committee Reports |
| Suppress in OPAC | No |
| Withdrawn status | Lost status | Source of classification or shelving scheme | Damaged status | Not for loan | Home library | Current library | Shelving location | Date acquired | Total checkouts | Full call number | Date last seen | Copy number | Price effective from | Koha item type |
|---|---|---|---|---|---|---|---|---|---|---|---|---|---|---|
| Dewey Decimal Classification | Main Library | Main Library | Open Shelves | 31/03/2026 | Acc No. 12,987 | 31/03/2026 | C1 | 31/03/2026 | Committee Reports | |||||
| Dewey Decimal Classification | Main Library | Main Library | Open Shelves | 31/03/2026 | Acc No. 12,988 | 31/03/2026 | C2 | 31/03/2026 | Committee Reports | |||||
| Dewey Decimal Classification | Main Library | Main Library | Open Shelves | 31/03/2026 | Acc No. 12,989 | 31/03/2026 | C3 | 31/03/2026 | Committee Reports |